Encuesta sobre situación ocupacional y necesidades de mano de obra en los establecimientos del área metropolitana de San José: informe final. Enero 1978
Constituye parte de un estudio más amplio para determinar las condiciones del empleo urbano, especialmente en los sectores marginales de Costa Rica - informa sobre personal ocupado, horas trabajadas, salarios pagados, necesidades de capacitación profesional por sectores económicos,vacantes,medios ut...
Guardado en:
| 企業作者: | |
|---|---|
| 格式: | Texto |
| 出版: |
Costa Rica :
|
| 主題: | |
| 標簽: |
添加標簽
沒有標簽, 成為第一個標記此記錄!
|
MARC
| LEADER | 00000 a a2200000 04500 | ||
|---|---|---|---|
| 001 | 19577 | ||
| 003 | |||
| 040 | |||
| 020 | |a [sin ISBN] | ||
| 022 | |a [sin ISBN] | ||
| 090 | |a 077700 | ||
| 110 | |a Costa Rica. Ministerio de Trabajo y Seguridad Social. Dirección General de Planificación del Trabajo y el Empleo | ||
| 245 | |a Encuesta sobre situación ocupacional y necesidades de mano de obra en los establecimientos del área metropolitana de San José: informe final. Enero 1978 | ||
| 260 | |a Costa Rica : | ||
| 300 | |a 118 p. | ||
| 520 | |a Constituye parte de un estudio más amplio para determinar las condiciones del empleo urbano, especialmente en los sectores marginales de Costa Rica - informa sobre personal ocupado, horas trabajadas, salarios pagados, necesidades de capacitación profesional por sectores económicos,vacantes,medios utilizados por los establecimientos para llenar las vacantes y creación de nuevos puestos de trabajo. Señala que la población ocupada es de 9612 personas, ubicándose la mayor concentración en las industrias manufactureras y en el comercio./ALLV | ||
| 650 | |a RECURSOS HUMANOS | ||
| 650 | |a MANO DE OBRA | ||
| 650 | |a EMPLEO | ||
| 999 | |c 2442 |d 2442 | ||
